000 00719nam a2200205Ii 4500
003 JO-AjNU
008 230605s9999||||xx |||||||||||||| ||und||
017 _a2005/9/2247
040 _aJO-AjNU
_bara
_erda
_cJO-AjNU
041 _aara
050 1 4 _aTA9 2005
100 3 _aوهيب ،محمد,
_eauthor
_913930
245 0 0 _aفن هندسة العمارة في عمان(فيلادلفيا) خلال القرن الاول-الثالث الميلادي
264 3 1 _aعمان: المؤلف ،2005
300 _a145ص
336 _atext
_btxt
_2rdacontent
337 _aunmediated
_bn
_2rdamedia
338 _avolume
_bnc
_2rdacarrier
650 4 _aالهندسة المعمارية-تاريخ الاردن-عمان
_913931
999 _aA3594
_c7162
_d7162